Systém riadenia zákazkovej výroby bakalárska práca

Salvato in:
Dettagli Bibliografici
Autore principale: Červienková, Lenka
Ente Autore: Fakulta podnikového manažmentu EU. Katedra manažmentu výroby a logistiky - zrušená
Altri autori: Polačko, Vladimír
Natura: Libro
Lingua:slovacco
Pubblicazione: Bratislava 2011
Tags: Aggiungi Tag
Nessun Tag, puoi essere il primo ad aggiungerne!!

MARC

LEADER 00000nbm a2200000 4500
001 0161989
005 20121122103613.4
041 0 |a slo 
044 |a SK 
245 1 0 |a Systém riadenia zákazkovej výroby  |b bakalárska práca  |c Lenka Červienková ; školiteľ: Vladimír Polačko 
264 1 |a Bratislava  |c 2011 
300 |a 45 s. 
100 1 |a Červienková, Lenka 
700 1 |a Polačko, Vladimír 
710 2 |a Fakulta podnikového manažmentu EU. Katedra manažmentu výroby a logistiky - zrušená